00703nam a2200169 a 4500008004100000050001800041100001700059245011600076260002600192350000900218650001100227650002600238700002300264995009500287999001700382952013400399120416s1975 ||||||||||||||||| || u aHD 8776.5 Dev aCohen, Robin14aThe development of an African working class: studies in class formation and actioncedited by Richard Sandbrook aLondonbLongmanc1975 a0.00 aLABOUR aWORKING CLASS--AFRICA aSandbrook, Richard D0.00FCBU-MAIN LIBRARY (Kitwe)H1I0.00M1UAVAILABLEZMain Library Open Access Collection c39990d39990 00102lcc4070a001b001cMain Library Open Access Collectiond2022-11-30l0oHD 8776.5 Devp005325r2022-11-30w2022-11-30y002